00487nam a2200145Ia 4500008004100000020001800041082001600059100002600075245002400101260004200125300001700167942004200184952010000226999001500326250803s9999 xx 000 0 und d a9789991573014 a891.489 IBR aBinmaa Ibrahim Waheed 0avaahaka liyan mageh aMale MaldivesbNovelty Printersc2022 a411p.; 21cm. h891.489cNF DHIV6891_489000000000000 94573aKFPLbKFPLcDHId2025-08-03l0o891.489 IBRpKL-2024-001985r2025-08-03 11:02:26yNF DHIV c4318d4318